LEADER 01261nam a2200289 i 4500 001 000000163811 003 CaOOAMICUS 005 20070820000000.0 008 070820s2007 it u000 u ita u 013 $a141178 020 $a978-88-89100-42-4 040 $aSeMil$bita 100 1 $aGoisis, Giuseppe L.$0(OLS)http://semarc/name/56808 245 10$aLaicità possibili :$bfondamenti e prospettive /$cGiuseppe Goisis, Gianfranco Maglio, Orioldo Marson. 260 $aPortogruaro :$bNuovadimensione,$ccopyr. 2007. 300 $a172 p. ;$c21 cm. 490 0 $aLe due parole ;$v2 650 4$aLaicità - Studi.$0(OLS)http://semarc/subject/13731 700 1 $aMarson, Orioldo.$0(OLS)http://semarc/name/20494 700 1 $aMaglio, Gianfranco.$0(OLS)http://semarc/name/62022 830 3$aLe due parole ;$v2.$0(OLS)http://semarc/title/24126 850 $aSeMil 852 $aSeMil$W1$xVenegono$y1$m3E II 308$j115105$B115105$CSeMilBibl$Z2$F127174 $81 961 $aOmaggio per recensione: Scuola Cattolica 996 $6020$a978-88-89100-42-4$9(OLS)http://semarc/number/149978 996 $6245$aLaicità possibili :$bfondamenti e prospettive$9(OLS)http://semarc/title/233719 996 $6260$aPortogruaro :$bNuovadimensione$9(OLS)http://semarc/publisher/34821 LEADER 01345nam a2200289 i 4500 001 000000218397 003 CaOOAMICUS 005 20130201000000.0 008 130201s2012 it u000 u ita u 013 $a197294 020 $a978-88-7105-319-6 040 $aSeMil$bita 100 1 $aSequeri, Pierangelo,$d<1944- >.$0(OLS)http://semarc/name/7586 245 13$aLe chiavi della fede :$bBenedetto 16. a Milano /$cPierangelo Sequeri ; prefazione del cardinale Angelo Scola. 260 $aMilano :$bGlossa,$c2012. 300 $aXIII, 52 p. ;$c18 cm. 490 0 $aContemplatio [Glossa] ;$v29 650 4$aFamiglia - Incontro mondiale <7. ; 2012 ; Milano>.$0(OLS)http://semarc/subject/40213 650 4$aBenedetto XVI - Visite pastorali - Milano - 2012.$0(OLS)http://semarc/subject/40424 700 1 $aScola, Angelo,$c.$0(OLS)http://semarc/name/3364 830 0$aContemplatio ;$v29.$0(OLS)http://semarc/title/147 850 $aSeMil 852 $aSeMil$W1$xVenegono$y1$m2KA E 29$j230743$B168807$CSeMilBibl$Z2$F179690 $81 961 $aOmaggio: Glossa 996 $6020$a978-88-7105-319-6$9(OLS)http://semarc/number/216080 996 $6245$aLe chiavi della fede :$bBenedetto 16. a Milano$9(OLS)http://semarc/title/313589 996 $6260$aMilano :$bGlossa$9(OLS)http://semarc/publisher/29635